00281nam a2200121Ia 4500008004000000041000800040082001100048100001600059245002400075260003200099650001500131650001300146210210b1943 xxu||||| |||| 00| 0 eng d aeng a370/86 aTRUSCOT (B) aRedbrick university aLondonbFaber & Faberc1943 auniversity aRedbrick